|
|
|
|
| LEADER |
00000naa2a2200000 4500 |
| 001 |
169303 |
| 005 |
20231031163355.0 |
| 035 |
|
|
|a (RuTPU)RU\TPU\book\183655
|
| 090 |
|
|
|a 169303
|
| 100 |
|
|
|a 20091110d2009 k y0rusy50 ca
|
| 101 |
0 |
|
|a rus
|
| 102 |
|
|
|a RU
|
| 200 |
1 |
|
|a Америке нужна новая война
|f С. В. Кучерявенко, Е. В. Ромасёв
|
| 463 |
|
0 |
|0 (RuTPU)RU\TPU\book\176251
|t Труды V юбилейной региональной научно-практической военно-исторической конференции с международным участием студентов и учащейся молодёжи "Салют, Победа!", посвящённой 64-й годовщине Победы в Великой Отечественной войне 1941-1945 гг., 7 мая 2009 г., Юрга
|f Томский политехнический университет (ТПУ), Юргинский технологический институт (ЮТИ) ; Региональная научно-практическая военно-историческая конференция, посвященная 64-й годовщине Победы, труды ; под ред. Д. А. Чинахова
|v С. 138-139
|d 2009
|p 141 с.
|
| 610 |
1 |
|
|a войны
|
| 610 |
1 |
|
|a США
|
| 610 |
1 |
|
|a экономические кризисы
|
| 610 |
1 |
|
|a история
|
| 610 |
1 |
|
|a политика
|
| 610 |
1 |
|
|a труды учёных ТПУ
|
| 700 |
|
1 |
|a Кучерявенко
|b С. В.
|c доцент, кандидат философских наук
|c Юргинский технологический институт (филиал) Томского политехнического университета
|g Сергей Владимирович
|2 stltpush
|3 (RuTPU)RU\TPU\pers\25017
|
| 701 |
|
1 |
|a Ромасёв
|b Е. В.
|
| 801 |
|
1 |
|a RU
|b 63413507
|c 20091110
|
| 942 |
|
|
|c BK
|